000 00536nam a2200193 i 4500
001 67755
003 ES-MaACL
005 20230906170137.0
007 t|
008 040203s1910 ddr ||||1| eng d
100 1 _aGalsworthy, John (
_d1867-1933)
_953675
245 1 2 _aA motley /
_cJohn Galsworthy.
260 _aLeipzig :
_bBem Tanchmitz,
_c1910.
300 _a272 p. ;
_c15 cm.
490 1 _aCollection of British authors
830 0 _aCollection of British authors
_9180703
852 _aES-MaACL
_jG-13066
999 _c67755
_d67755